00585nam a22002177a 4500003000500000005001700005008004100022010001100063011001100074020001800085035001100103040000900114082002100123100002100144245007800165250001000243260005300253300001700306650002500323700001900348CHAP20220329143937.0121025d2005 enka r 00010 eng d a104083 a105055 a9781842652497 a115747 cCHAP04a530.12bL18 20051 aLahiri, Amitabha12aA first book of quantum fiel theoryc/por Amitabha Lahiri y Palash B. Pal a2 ed. aOxford :bAlpha science international Ltd,c2005 axvii, 380 p. 4aTeoría cuántica.1 aPal, Palash B.